Squid Games Characters - Statistics

General Stats
  • This quiz has been taken 577 times
  • The average score is 20 of 35
Answer Stats
Hint Answer % Correct
Main Character 456
98%
Old man who created and played the games 001
89%
Pickpocket girl 067
81%
Pregnant lady 222
79%
Father of player aboves child 333
74%
son of player above 007
72%
Gangster killed on glass bridge 101
70%
Main Characters best friend blinded by money 218
70%
10 Billion Won in debt 100
68%
He's A legend 230
68%
Trans Player who carries the rebbelion 120
63%
Main Characters friend shot by front man 390
62%
Kind mom 149
61%
Nice Naive player 199
61%
Crazy lady who killed one above 212
61%
Nice player with PTSD 388
59%
001's real identity Front Man
59%
Player aboves minion 124
58%
doctor who cheated with the gaurds 111
57%
First player killed in red light green light 196
57%
Player who joins the games for his sick daughter 246
57%
Annoying Shamen lady 044
55%
Girl who sacrificed for 067 240
55%
Betrayed the person above in mingle 125
54%
Killed by Nam Gyu in lights out 380
53%
Husband who hangs himself 069
52%
killed in mingle after being knocked down 095
42%
Made glass for 30 years 017
39%
Wife who dies in marbles 070
39%
Kicked down by Thanos in mingle 256
39%
First player killed in red light green light 324
35%
Shot in the back by the front man in the rebbelion 015
26%
Shot in the back by the front man in the rebbelion 047
26%
Gangsters minion who dies in marbles 278
26%
player aboves annoying friend 226
23%
No matching quizzes found
Score Distribution
Percent of People with Each Score
Percentile by Number Answered
Your Score History
You have not taken this quiz